The world encyclopedia of contemporary theatre Europe

Đã lưu trong:
Chi tiết về thư mục
Định dạng: Sách
Ngôn ngữ:Tiếng Anh
Được phát hành: Routledge 1994 repr. 2001
Các nhãn: Thêm thẻ
Không có thẻ, Là người đầu tiên thẻ bản ghi này!

MARC

LEADER 00000nam a22000007a 4500
008 211029b ||||| |||| 00| 0 eng d
245 |a The world encyclopedia of contemporary theatre Europe  |c edited by Don Rubin, Peter Nagy and Philippe Rouyer  |g XIV, 1054p. 
260 |b Routledge  |c 1994 repr. 2001  |h London  |i 428933  |l PN 2035 .W89  |m Drama--20th century--Dictionaries.  |m  Theater--History--20th century--Dictionaries. 
500 |a It includes bibliographical references and indexes 
942 |a lcc  |c BK  |e Adeyey Y. S.  |f 29/10/21 
952 |0 0  |1 0  |2 lcc  |4 0  |6 PN2035 W89  |7 0  |9 3767  |a HOL  |b HOL  |c LP  |d 2021-10-29  |l 0  |o PN 2035 .W89  |p 2021-67499  |r 2021-10-29 00:00:00  |w 2021-10-29  |y BK 
999 |c 1877  |d 1877